000 00911cam a22002531 4500
001 e 13000445
003 DLC
005 20260227111159.0
007 cr_|||||||||||
008 810217s1913 vau 000 0 eng c
010 _ae 13000445
035 _a(OCoLC)7132190
040 _aLibrary, U.S. Bur. of Education
_cVi
_dVi
_dDLC
042 _apremarc
050 0 0 _aL899
_b.V5 1913
110 1 _aVirginia.
_bDepartment of Public Instruction.
245 0 0 _aCounty school fairs in Virginia.
250 _a(2d. ed.)
_bIssued by Department of Public Instruction of Virginia. J.D. Eggleston, superintendent. December, 1912.
260 _aRichmond,
_bD. Bottom, Supt. of Public Print.,
_c1913.
300 _a58 p.
_billus., diagrs.
_c23 cm.
500 _aCover title.
530 _aAlso available in digital form on the Internet Archive Web site.
856 4 1 _uhttp://hdl.loc.gov/loc.gdc/scd0001.0021521350A
999 _c19471
_d19471